| 000 | 01702nam a2200241Ia 4500 | ||
|---|---|---|---|
| 008 | 260220t1990||||xx |||||||||||||| ||spa|| | ||
| 040 |
_aPY-SlUNAC _bspa _erda |
||
| 041 | _aspa | ||
| 082 |
_a378 _bF963t |
||
| 100 |
_aFulghum, Robert _eAutor |
||
| 245 | 0 |
_aTodo lo que realmente necesito saber lo aprendí en el parvulario / _cpor Robert Fulghum [Autor] |
|
| 264 |
_aBarcelona : _bCírculo de Lectores, _c℗1990. |
||
| 300 | _a1 volumen | ||
| 520 | _aEn "Todo lo que realmente necesito saber lo aprendí en el parvulario", Robert Fulghum presenta una reflexión profunda sobre las lecciones esenciales de la vida que se pueden aprender en la infancia. A través de anécdotas simples y cotidianas, el autor enfatiza la importancia de valores como la empatía, la honestidad, la generosidad y la colaboración. Fulghum argumenta que estas enseñanzas básicas, adquiridas en el entorno del parvulario, son fundamentales para enfrentar los desafíos de la vida adulta y construir relaciones significativas. El libro se estructura en breves ensayos que abordan temas universales, como la amistad, la curiosidad y el amor, resaltando que muchas de las complejidades de la vida podrían resolverse si los adultos recordaran y aplicaran estas lecciones simples. Con un estilo accesible y reflexivo, Fulghum invita al lector a redescubrir la sabiduría de la niñez y a valorar lo esencial en un mundo a menudo complicado y caótico. | ||
| 653 | _aCrecimiento emocional | ||
| 653 | _aDesarrollo personal | ||
| 653 | _aEducación | ||
| 942 |
_b2026/02/17 _cBK |
||
| 999 |
_c7247 _d7247 |
||